[Event "Baku Chess Olympiad | Open"]
[Site "chess24.com"]
[Date "2016.09.12"]
[Round "10"]
[White "Alhadad, Mahmoud"]
[Black "Tagelsir, Abubaker"]
[Result "0-1"]
[Board "2"]
[WhiteID "11501863"]
[WhiteElo "1999"]
[WhiteTitle "CM"]
[WhiteCountry "PLE"]
[WhiteFideId "11501863"]
[WhiteEloChange "-4"]
[BlackID "12200875"]
[BlackElo "2216"]
[BlackTitle "FM"]
[BlackCountry "SUD"]
[BlackFideId "12200875"]
[BlackEloChange "4"]

1. e4 {[%clk 1:30:45]} d5 {[%clk 1:29:58]} 2. exd5 {[%clk 1:31:06]} Qxd5 {[%clk
1:30:05]} 3. Nc3 {[%clk 1:31:26]} Qd6 {[%clk 1:30:32]} 4. d4 {[%clk 1:31:34]} Nf6
{[%clk 1:30:56]} 5. Nf3 {[%clk 1:31:42]} c6 {[%clk 1:31:19]} 6. Be2 {[%clk
1:31:32]} g6 {[%clk 1:26:31]} 7. h3 {[%clk 1:31:40]} Bg7 {[%clk 1:26:53]} 8. Be3
{[%clk 1:31:55]} O-O {[%clk 1:24:14]} 9. Qd2 {[%clk 1:32:18]} b5 {[%clk 1:24:13]}
10. a3 {[%clk 1:26:30]} a6 {[%clk 1:20:54]} 11. O-O {[%clk 1:23:14]} Bb7 {[%clk
1:18:47]} 12. Bh6 {[%clk 1:22:35]} c5 {[%clk 1:12:10]} 13. dxc5 {[%clk 1:20:59]}
Qxc5 {[%clk 1:10:25]} 14. Rad1 {[%clk 1:20:56]} Nbd7 {[%clk 1:09:19]} 15. Bxg7
{[%clk 1:20:33]} Kxg7 {[%clk 1:09:38]} 16. Qd4 {[%clk 1:20:41]} Rac8 {[%clk
1:08:24]} 17. Rd2 {[%clk 1:15:38]} Qc7 {[%clk 1:03:30]} 18. Rfd1 {[%clk 1:14:46]}
Nc5 {[%clk 0:58:02]} 19. Qh4 {[%clk 1:12:51]} h6 {[%clk 0:55:21]} 20. Rd4 {[%clk
1:01:15]} Ne6 {[%clk 0:46:21]} 21. R4d2 {[%clk 1:00:02]} Nf4 {[%clk 0:44:37]} 22.
Ne1 {[%clk 0:49:57]} g5 {[%clk 0:37:59]} 23. Qg3 {[%clk 0:50:17]} Rfd8 {[%clk
0:26:39]} 24. Bf3 {[%clk 0:36:23]} Rxd2 {[%clk 0:15:23]} 25. Rxd2 {[%clk
0:36:48]} Qe5 {[%clk 0:10:52]} 26. Kf1 {[%clk 0:31:38]} Rxc3 {[%clk 0:05:37]} 27.
bxc3 {[%clk 0:31:09]} Qxc3 {[%clk 0:06:01]} 28. Rd1 {[%clk 0:29:51]} Qc4+ {[%clk
0:06:19]} 29. Kg1 {[%clk 0:24:05]} Ne4 {[%clk 0:05:23]} 30. Qh2 {[%clk 0:19:40]}
Ne2+ {[%clk 0:04:14]} 31. Bxe2 {[%clk 0:18:45]} Qxe2 {[%clk 0:04:40]} 32. Qe5+
{[%clk 0:17:35]} Kg6 {[%clk 0:05:00]} 33. Qd4 {[%clk 0:16:42]} Nxf2 {[%clk
0:02:45]} 34. Rb1 {[%clk 0:13:44]} Ne4 {[%clk 0:02:55]} 35. Nf3 {[%clk 0:11:42]}
Qxc2 {[%clk 0:01:31]} 36. Re1 {[%clk 0:12:04]} Nf6 {[%clk 0:00:50]} 37. Qd2
{[%clk 0:08:05]} Qc5+ {[%clk 0:00:39]} 38. Qe3 {[%clk 0:08:26]} Qxe3+ {[%clk
0:00:51]} 39. Rxe3 {[%clk 0:08:55]} e6 {[%clk 0:01:00]} 40. Ne5+ {[%clk 0:38:48]}
Kg7 {[%clk 0:31:21]} 41. Rc3 {[%clk 0:37:03]} Nd5 {[%clk 0:30:49]} 42. Rc2 {[%clk
0:34:50]} Kf6 {[%clk 0:26:09]} 43. Ng4+ {[%clk 0:33:51]} Ke7 {[%clk 0:25:20]} 44.
Kf2 {[%clk 0:19:34]} h5 {[%clk 0:19:27]} 45. Ne5 {[%clk 0:19:25]} f6 {[%clk
0:18:38]} 46. Nc6+ {[%clk 0:17:36]} Kd7 {[%clk 0:18:59]} 47. Nb4 {[%clk 0:17:11]}
Nf4 {[%clk 0:15:22]} 48. Kf1 {[%clk 0:13:18]} a5 {[%clk 0:11:33]} 49. Rd2+ {[%clk
0:13:29]} Kc7 {[%clk 0:10:16]} 50. Nd3 {[%clk 0:13:48]} Bxg2+ {[%clk 0:10:09]}
51. Kf2 {[%clk 0:13:05]} Bxh3 {[%clk 0:10:17]} 52. Nxf4 {[%clk 0:13:15]} gxf4
{[%clk 0:10:37]} 53. Rb2 {[%clk 0:13:24]} Kc6 {[%clk 0:10:48]} 54. Kf3 {[%clk
0:13:38]} e5 {[%clk 0:11:06]} 55. Ke4 {[%clk 0:14:04]} Bg4 {[%clk 0:09:41]} 56.
Rd2 {[%clk 0:13:44]} h4 {[%clk 0:09:34]} 57. Rb2 {[%clk 0:12:15]} h3 {[%clk
0:09:50]} 58. Rd2 {[%clk 0:12:29]} Be6 {[%clk 0:09:27]} 59. Rc2+ {[%clk 0:12:26]}
Kb6 {[%clk 0:08:43]} 60. Rd2 {[%clk 0:12:31]} Kc5 {[%clk 0:08:59]} 61. Rc2+
{[%clk 0:12:51]} Bc4 {[%clk 0:09:23]} 62. Rh2 {[%clk 0:12:17]} Bd5+ {[%clk
0:09:46]} 63. Kd3 {[%clk 0:11:58]} Bg2 {[%clk 0:10:11]} 0-1

[Event "Baku Chess Olympiad | Open"]
[Site "chess24.com"]
[Date "2016.09.12"]
[Round "10"]
[White "Abdelazeez Mohamed Abdalla"]
[Black "Allam, Mohamed"]
[Result "1/2-1/2"]
[Board "3"]
[WhiteID "12202576"]
[WhiteElo "2183"]
[WhiteCountry "SUD"]
[WhiteFideId "12202576"]
[WhiteEloChange "-7"]
[BlackID "11501731"]
[BlackElo "1850"]
[BlackCountry "PLE"]
[BlackFideId "11501731"]
[BlackEloChange "7"]

1. d4 {[%clk 1:29:39]} d5 {[%clk 1:30:55]} 2. c4 {[%clk 1:30:00]} e6 {[%clk
1:31:19]} 3. Nc3 {[%clk 1:30:25]} Nf6 {[%clk 1:31:43]} 4. Bg5 {[%clk 1:30:49]}
Be7 {[%clk 1:32:03]} 5. cxd5 {[%clk 1:30:55]} exd5 {[%clk 1:32:28]} 6. e3 {[%clk
1:31:18]} c6 {[%clk 1:32:45]} 7. Qc2 {[%clk 1:31:14]} O-O {[%clk 1:33:07]} 8. Bd3
{[%clk 1:31:42]} Nbd7 {[%clk 1:33:31]} 9. Nge2 {[%clk 1:32:04]} Re8 {[%clk
1:33:04]} 10. O-O {[%clk 1:26:46]} Nf8 {[%clk 1:32:46]} 11. f3 {[%clk 1:14:19]}
h6 {[%clk 1:25:07]} 12. Bh4 {[%clk 1:08:53]} Ne6 {[%clk 1:25:32]} 13. Rad1 {[%clk
1:07:49]} b6 {[%clk 1:19:45]} 14. Qd2 {[%clk 1:04:33]} Bb7 {[%clk 1:18:05]} 15.
Bf2 {[%clk 0:59:54]} c5 {[%clk 1:09:40]} 16. Bb5 {[%clk 0:57:42]} cxd4 {[%clk
1:09:26]} 17. exd4 {[%clk 0:55:47]} Rf8 {[%clk 1:07:47]} 18. Ng3 {[%clk 0:51:15]}
Bd6 {[%clk 1:06:37]} 19. Nf5 {[%clk 0:48:51]} Bf4 {[%clk 1:06:23]} 20. Be3 {[%clk
0:48:33]} Qb8 {[%clk 0:57:31]} 21. g3 {[%clk 0:48:23]} Bxe3+ {[%clk 0:51:28]} 22.
Qxe3 {[%clk 0:48:50]} Ng5 {[%clk 0:50:48]} 23. Qe5 {[%clk 0:40:33]} a6 {[%clk
0:40:21]} 24. Ba4 {[%clk 0:36:49]} b5 {[%clk 0:39:41]} 25. Bb3 {[%clk 0:37:08]}
Qd8 {[%clk 0:32:43]} 26. Nxd5 {[%clk 0:30:06]} Bxd5 {[%clk 0:32:19]} 27. Ne7+
{[%clk 0:30:22]} Kh8 {[%clk 0:30:43]} 28. Nxd5 {[%clk 0:30:26]} Re8 {[%clk
0:28:28]} 29. Qf5 {[%clk 0:24:57]} Nxd5 {[%clk 0:28:37]} 30. Qxd5 {[%clk
0:22:21]} Re2 {[%clk 0:28:45]} 31. Qf5 {[%clk 0:14:27]} Qc8 {[%clk 0:25:36]} 32.
Qxc8+ {[%clk 0:09:15]} Rxc8 {[%clk 0:26:01]} 33. Rb1 {[%clk 0:06:17]} Rce8 {[%clk
0:20:15]} 34. h4 {[%clk 0:03:23]} Nh3+ {[%clk 0:20:30]} 35. Kh1 {[%clk 0:03:52]}
Nf2+ {[%clk 0:20:41]} 36. Kg1 {[%clk 0:03:39]} Nh3+ {[%clk 0:19:28]} 37. Kh1
{[%clk 0:04:01]} Nf2+ {[%clk 0:19:48]} 38. Kg1 {[%clk 0:03:33]} Nh3+ {[%clk
0:19:34]} 39. Kh1 {[%clk 0:03:37]} 1/2-1/2

[Event "Baku Chess Olympiad | Open"]
[Site "chess24.com"]
[Date "2016.09.12"]
[Round "10"]
[White "Michel Yunis, Christian D."]
[Black "Hassan Abubaker abdalmalik Ali"]
[Result "1/2-1/2"]
[Board "4"]
[WhiteID "3400085"]
[WhiteElo "2234"]
[WhiteTitle "IM"]
[WhiteCountry "PLE"]
[WhiteFideId "3400085"]
[WhiteEloChange "-2"]
[BlackID "12201685"]
[BlackElo "2167"]
[BlackCountry "SUD"]
[BlackFideId "12201685"]
[BlackEloChange "2"]

1. d4 {[%clk 1:30:49]} Nf6 {[%clk 1:29:42]} 2. Nf3 {[%clk 1:30:47]} e6 {[%clk
1:30:01]} 3. c4 {[%clk 1:29:50]} b6 {[%clk 1:30:11]} 4. a3 {[%clk 1:29:31]} Be7
{[%clk 1:30:33]} 5. Nc3 {[%clk 1:26:24]} Bb7 {[%clk 1:30:55]} 6. d5 {[%clk
1:24:45]} O-O {[%clk 1:30:03]} 7. e4 {[%clk 1:24:14]} d6 {[%clk 1:30:10]} 8. Bd3
{[%clk 1:21:08]} Nbd7 {[%clk 1:29:06]} 9. O-O {[%clk 1:17:44]} e5 {[%clk
1:28:27]} 10. b4 {[%clk 1:12:32]} Re8 {[%clk 1:26:42]} 11. Re1 {[%clk 1:08:33]}
Nf8 {[%clk 1:26:53]} 12. Nd2 {[%clk 1:06:45]} Ng6 {[%clk 1:26:21]} 13. Bf1 {[%clk
0:59:11]} Bc8 {[%clk 1:26:27]} 14. Nb3 {[%clk 0:55:09]} Rf8 {[%clk 1:22:26]} 15.
a4 {[%clk 0:46:18]} Bg4 {[%clk 1:12:49]} 16. f3 {[%clk 0:45:12]} Bd7 {[%clk
1:13:06]} 17. Be3 {[%clk 0:41:14]} Nh5 {[%clk 1:12:02]} 18. g3 {[%clk 0:34:30]}
Nf6 {[%clk 1:10:15]} 19. a5 {[%clk 0:33:58]} Qc8 {[%clk 1:10:03]} 20. Qc2 {[%clk
0:29:25]} Ne8 {[%clk 1:08:51]} 21. axb6 {[%clk 0:27:00]} cxb6 {[%clk 1:08:15]}
22. c5 {[%clk 0:22:32]} Nc7 {[%clk 1:05:50]} 23. cxb6 {[%clk 0:18:09]} axb6
{[%clk 1:06:16]} 24. Bxb6 {[%clk 0:14:12]} Rb8 {[%clk 1:06:09]} 25. Qf2 {[%clk
0:11:53]} Na8 {[%clk 1:06:26]} 26. Ba5 {[%clk 0:04:25]} Qxc3 {[%clk 1:06:50]} 27.
Rec1 {[%clk 0:04:54]} Qxb3 {[%clk 1:04:50]} 28. Bc4 {[%clk 0:05:22]} Qxb4 {[%clk
1:04:05]} 29. Bxb4 {[%clk 0:05:41]} Rxb4 {[%clk 1:04:22]} 30. Bf1 {[%clk
0:03:30]} Bd8 {[%clk 1:01:59]} 31. Qd2 {[%clk 0:02:58]} Rb8 {[%clk 1:01:17]} 32.
h4 {[%clk 0:03:09]} Ne7 {[%clk 0:56:31]} 33. Kh1 {[%clk 0:02:08]} Bb6 {[%clk
0:56:31]} 34. Ba6 {[%clk 0:01:13]} h6 {[%clk 0:54:43]} 35. Qb4 {[%clk 0:00:41]}
Bc5 {[%clk 0:54:09]} 36. Qd2 {[%clk 0:00:41]} Bd4 {[%clk 0:52:39]} 37. Ra2 {[%clk
0:00:48]} f5 {[%clk 0:51:43]} 38. Bd3 {[%clk 0:00:50]} fxe4 {[%clk 0:50:38]} 39.
Bxe4 {[%clk 0:01:12]} Nf5 {[%clk 0:49:51]} 40. Qe1 {[%clk 0:31:38]} Rb3 {[%clk
1:17:57]} 41. Kh2 {[%clk 0:26:34]} Rfb8 {[%clk 1:14:48]} 42. g4 {[%clk 0:19:09]}
Ne3 {[%clk 1:13:45]} 43. h5 {[%clk 0:17:19]} Bxg4 {[%clk 1:13:13]} 44. fxg4
{[%clk 0:16:16]} Nxg4+ {[%clk 1:12:51]} 45. Kg2 {[%clk 0:14:22]} Re3 {[%clk
1:10:27]} 46. Re2 {[%clk 0:14:20]} Reb3 {[%clk 1:02:12]} 47. Rb1 {[%clk 0:09:13]}
Rxb1 {[%clk 0:58:20]} 48. Bxb1 {[%clk 0:09:39]} Nf6 {[%clk 0:58:31]} 49. Bf5
{[%clk 0:05:23]} Nxh5 {[%clk 0:58:07]} 50. Rc2 {[%clk 0:05:36]} Nf4+ {[%clk
0:56:52]} 51. Kh2 {[%clk 0:05:44]} Nb6 {[%clk 0:54:58]} 52. Qb1 {[%clk 0:03:37]}
Nd7 {[%clk 0:51:39]} 53. Qa2 {[%clk 0:04:03]} Nc5 {[%clk 0:50:36]} 54. Qa5 {[%clk
0:02:21]} Rf8 {[%clk 0:50:40]} 55. Bh3 {[%clk 0:01:52]} e4 {[%clk 0:50:55]} 56.
Bf1 {[%clk 0:01:04]} e3 {[%clk 0:49:54]} 57. Qc7 {[%clk 0:00:53]} Be5 {[%clk
0:50:19]} 58. Kh1 {[%clk 0:01:06]} Ne4 {[%clk 0:49:31]} 59. Bb5 {[%clk 0:00:38]}
e2 {[%clk 0:48:16]} 60. Rc1 {[%clk 0:00:31]} Nc3 {[%clk 0:46:32]} 61. Ba6 {[%clk
0:00:33]} Nd1 {[%clk 0:45:44]} 62. Bxe2 {[%clk 0:00:39]} Nf2+ {[%clk 0:45:46]}
63. Kg1 {[%clk 0:00:34]} Nxe2+ {[%clk 0:45:26]} 64. Kg2 {[%clk 0:00:58]} Nxc1
{[%clk 0:45:17]} 65. Qxc1 {[%clk 0:01:14]} Nd3 {[%clk 0:45:41]} 66. Qc4 {[%clk
0:00:57]} Ne1+ {[%clk 0:45:16]} 67. Kg1 {[%clk 0:00:45]} Nf3+ {[%clk 0:44:36]}
68. Kg2 {[%clk 0:01:04]} h5 {[%clk 0:44:33]} 69. Qe4 {[%clk 0:01:03]} Rf4 {[%clk
0:44:55]} 70. Qb1 {[%clk 0:01:07]} Nd4 {[%clk 0:44:16]} 71. Kh3 {[%clk 0:01:22]}
Rg4 {[%clk 0:44:16]} 72. Qb8+ {[%clk 0:01:34]} Kh7 {[%clk 0:43:08]} 73. Qh8+
{[%clk 0:01:59]} Kg6 {[%clk 0:43:24]} 74. Qxh5+ {[%clk 0:02:22]} 1/2-1/2

[Event "Baku Chess Olympiad | Open"]
[Site "chess24.com"]
[Date "2016.09.12"]
[Round "10"]
[White "Kawuma, Patrick"]
[Black "Gruenfeld, Yehuda"]
[Result "1-0"]
[Board "1"]
[WhiteID "10000127"]
[WhiteElo "2261"]
[WhiteTitle "FM"]
[WhiteCountry "UGA"]
[WhiteFideId "10000127"]
[WhiteEloChange "15"]
[BlackID "2800020"]
[BlackElo "2451"]
[BlackTitle "GM"]
[BlackCountry "ISR"]
[BlackFideId "2800020"]
[BlackEloChange "-7"]

1. c4 {[%clk 1:30:56]} Nf6 {[%clk 1:30:45]} 2. g3 {[%clk 1:30:36]} g6 {[%clk
1:29:11]} 3. Bg2 {[%clk 1:30:49]} Bg7 {[%clk 1:29:34]} 4. Nc3 {[%clk 1:31:09]}
O-O {[%clk 1:29:17]} 5. e4 {[%clk 1:31:22]} c5 {[%clk 1:29:13]} 6. Nge2 {[%clk
1:31:47]} Nc6 {[%clk 1:29:37]} 7. d3 {[%clk 1:31:19]} d6 {[%clk 1:29:55]} 8. O-O
{[%clk 1:31:28]} a6 {[%clk 1:27:54]} 9. h3 {[%clk 1:25:20]} Rb8 {[%clk 1:27:56]}
10. Be3 {[%clk 1:17:48]} Nd7 {[%clk 1:18:41]} 11. d4 {[%clk 1:13:49]} cxd4 {[%clk
1:18:44]} 12. Nxd4 {[%clk 1:14:12]} Nde5 {[%clk 1:18:42]} 13. b3 {[%clk 1:12:00]}
Qa5 {[%clk 1:08:55]} 14. Nd5 {[%clk 0:58:16]} e6 {[%clk 1:06:00]} 15. Nxc6 {[%clk
0:56:57]} Nxc6 {[%clk 1:06:18]} 16. Bb6 {[%clk 0:57:11]} Qa3 {[%clk 1:06:40]} 17.
Ne3 {[%clk 0:57:34]} Ra8 {[%clk 1:01:30]} 18. Rb1 {[%clk 0:44:30]} Qb4 {[%clk
0:59:53]} 19. Bc7 {[%clk 0:36:07]} Nd4 {[%clk 0:58:10]} 20. Qe1 {[%clk 0:36:27]}
Qc5 {[%clk 0:58:31]} 21. Qa5 {[%clk 0:36:50]} Qxa5 {[%clk 0:51:33]} 22. Bxa5
{[%clk 0:37:18]} Bd7 {[%clk 0:51:45]} 23. Bc7 {[%clk 0:33:27]} Ne2+ {[%clk
0:47:10]} 24. Kh2 {[%clk 0:33:41]} Nc3 {[%clk 0:47:27]} 25. Rbe1 {[%clk 0:33:48]}
Bc6 {[%clk 0:47:27]} 26. Bxd6 {[%clk 0:33:45]} Rfd8 {[%clk 0:47:52]} 27. e5
{[%clk 0:33:44]} Bxg2 {[%clk 0:46:48]} 28. Nxg2 {[%clk 0:26:35]} Nxa2 {[%clk
0:46:31]} 29. Re2 {[%clk 0:25:19]} Nc3 {[%clk 0:44:09]} 30. Re3 {[%clk 0:25:46]}
a5 {[%clk 0:39:32]} 31. Ra1 {[%clk 0:23:02]} Rd7 {[%clk 0:35:08]} 32. b4 {[%clk
0:13:43]} b6 {[%clk 0:24:49]} 33. bxa5 {[%clk 0:09:41]} bxa5 {[%clk 0:22:22]} 34.
Ra3 {[%clk 0:08:24]} Nd1 {[%clk 0:20:05]} 35. Re2 {[%clk 0:08:35]} Rb7 {[%clk
0:20:24]} 36. c5 {[%clk 0:08:31]} Ra6 {[%clk 0:20:50]} 37. Rc2 {[%clk 0:06:52]}
Rb2 {[%clk 0:19:15]} 38. Rxb2 {[%clk 0:06:44]} Nxb2 {[%clk 0:19:31]} 39. Rb3
{[%clk 0:07:07]} 1-0

[Event "Baku Chess Olympiad | Open"]
[Site "chess24.com"]
[Date "2016.09.12"]
[Round "10"]
[White "Collutiis, Duilio"]
[Black "Wanyama, Harold"]
[Result "1/2-1/2"]
[Board "2"]
[WhiteID "805475"]
[WhiteElo "2441"]
[WhiteTitle "IM"]
[WhiteCountry "ITA"]
[WhiteFideId "805475"]
[WhiteEloChange "-2"]
[BlackID "10000380"]
[BlackElo "2251"]
[BlackTitle "FM"]
[BlackCountry "UGA"]
[BlackFideId "10000380"]
[BlackEloChange "5"]

1. e4 {[%clk 1:30:54]} c5 {[%clk 1:30:51]} 2. Nf3 {[%clk 1:31:19]} e6 {[%clk
1:31:12]} 3. g3 {[%clk 1:31:31]} Nc6 {[%clk 1:31:27]} 4. Bg2 {[%clk 1:31:55]} Nf6
{[%clk 1:31:51]} 5. Qe2 {[%clk 1:32:21]} e5 {[%clk 1:32:06]} 6. O-O {[%clk
1:32:31]} Be7 {[%clk 1:32:28]} 7. c3 {[%clk 1:32:55]} O-O {[%clk 1:32:42]} 8. Rd1
{[%clk 1:32:21]} Re8 {[%clk 1:32:07]} 9. a3 {[%clk 1:32:28]} Bf8 {[%clk 1:32:17]}
10. b4 {[%clk 1:32:50]} d5 {[%clk 1:31:50]} 11. d3 {[%clk 1:33:12]} h6 {[%clk
1:31:27]} 12. Bb2 {[%clk 1:30:27]} b6 {[%clk 1:27:41]} 13. b5 {[%clk 1:23:27]}
Na5 {[%clk 1:27:54]} 14. Nbd2 {[%clk 1:23:51]} dxe4 {[%clk 1:22:55]} 15. dxe4
{[%clk 1:23:42]} Qc7 {[%clk 1:21:51]} 16. c4 {[%clk 1:23:49]} Bd7 {[%clk
1:21:24]} 17. Ne1 {[%clk 1:23:27]} Rad8 {[%clk 1:20:10]} 18. Nc2 {[%clk 1:23:31]}
Bg4 {[%clk 1:12:48]} 19. f3 {[%clk 1:23:28]} Bc8 {[%clk 1:13:12]} 20. Rab1 {[%clk
1:22:07]} g6 {[%clk 1:11:07]} 21. Bc3 {[%clk 1:20:32]} Nb7 {[%clk 1:10:57]} 22.
Ne3 {[%clk 1:20:57]} Bg7 {[%clk 1:11:05]} 23. Re1 {[%clk 1:10:33]} Be6 {[%clk
1:05:14]} 24. Bf1 {[%clk 1:10:31]} Nd7 {[%clk 1:02:24]} 25. a4 {[%clk 1:09:51]}
Nd6 {[%clk 1:02:23]} 26. Rbd1 {[%clk 1:07:30]} f5 {[%clk 1:02:02]} 27. Bh3 {[%clk
1:07:19]} Nf8 {[%clk 1:02:21]} 28. Ba1 {[%clk 1:05:08]} Qf7 {[%clk 1:01:42]} 29.
Nd5 {[%clk 1:02:56]} g5 {[%clk 0:57:37]} 30. Rf1 {[%clk 0:57:31]} f4 {[%clk
0:54:23]} 31. Bxe6 {[%clk 0:57:34]} Nxe6 {[%clk 0:54:45]} 32. g4 {[%clk 0:56:45]}
Nd4 {[%clk 0:54:13]} 33. Qd3 {[%clk 0:56:31]} Re6 {[%clk 0:52:43]} 34. Kg2 {[%clk
0:56:48]} h5 {[%clk 0:52:44]} 35. h3 {[%clk 0:57:16]} Rh6 {[%clk 0:52:31]} 36.
Bc3 {[%clk 0:57:15]} Bf8 {[%clk 0:51:26]} 37. Ra1 {[%clk 0:56:56]} Qg6 {[%clk
0:51:03]} 38. a5 {[%clk 0:56:03]} Rd7 {[%clk 0:43:30]} 39. axb6 {[%clk 0:55:11]}
axb6 {[%clk 0:43:53]} 40. Rh1 {[%clk 1:22:33]} Rdh7 {[%clk 1:12:17]} 41. Nxb6
{[%clk 0:46:53]} Qg7 {[%clk 1:05:51]} 42. Nd5 {[%clk 0:46:32]} Qh8 {[%clk
1:06:06]} 43. Bxd4 {[%clk 0:45:45]} exd4 {[%clk 1:04:59]} 44. e5 {[%clk 0:42:07]}
Qxe5 {[%clk 1:03:59]} 45. Rae1 {[%clk 0:42:24]} Qg7 {[%clk 1:03:54]} 46. b6
{[%clk 0:41:37]} hxg4 {[%clk 0:54:51]} 47. hxg4 {[%clk 0:37:33]} Rxh1 {[%clk
0:48:03]} 48. Rxh1 {[%clk 0:37:08]} Rxh1 {[%clk 0:48:28]} 49. Kxh1 {[%clk
0:37:30]} Qh7+ {[%clk 0:48:54]} 50. Qxh7+ {[%clk 0:37:37]} Kxh7 {[%clk 0:49:19]}
51. Nf6+ {[%clk 0:35:57]} Kg7 {[%clk 0:47:44]} 52. Nfe4 {[%clk 0:36:08]} Nb7
{[%clk 0:45:54]} 53. Nxg5 {[%clk 0:36:23]} Be7 {[%clk 0:46:06]} 54. Nde4 {[%clk
0:33:10]} d3 {[%clk 0:41:56]} 55. Ne6+ {[%clk 0:29:54]} Kf7 {[%clk 0:42:12]} 56.
Nxf4 {[%clk 0:30:22]} d2 {[%clk 0:42:30]} 57. Nf2 {[%clk 0:30:50]} Bd6 {[%clk
0:42:33]} 58. N4d3 {[%clk 0:20:22]} Na5 {[%clk 0:42:08]} 59. Nd1 {[%clk 0:20:36]}
Ke6 {[%clk 0:30:59]} 60. Kg2 {[%clk 0:17:17]} Nxc4 {[%clk 0:31:10]} 61. b7 {[%clk
0:17:42]} Kd5 {[%clk 0:31:13]} 62. Kf2 {[%clk 0:17:56]} Kd4 {[%clk 0:24:25]} 63.
Ke2 {[%clk 0:18:13]} Na5 {[%clk 0:24:12]} 64. Kxd2 {[%clk 0:18:05]} c4 {[%clk
0:23:41]} 65. Ne1 {[%clk 0:18:13]} Bf4+ {[%clk 0:23:33]} 66. Ke2 {[%clk 0:17:50]}
Nxb7 {[%clk 0:23:40]} 67. Nc2+ {[%clk 0:18:08]} Kc5 {[%clk 0:23:34]} 68. Nde3
{[%clk 0:14:21]} Nd8 {[%clk 0:21:22]} 69. Ng2 {[%clk 0:14:24]} Bd6 {[%clk
0:20:54]} 70. f4 {[%clk 0:14:06]} Ne6 {[%clk 0:20:57]} 71. Kf3 {[%clk 0:10:54]}
Nd4+ {[%clk 0:18:20]} 72. Nxd4 {[%clk 0:11:22]} Kxd4 {[%clk 0:18:43]} 73. g5
{[%clk 0:11:48]} Be7 {[%clk 0:13:43]} 74. Ne1 {[%clk 0:11:08]} c3 {[%clk
0:11:34]} 75. Nc2+ {[%clk 0:03:23]} Kd3 {[%clk 0:11:51]} 76. Na1 {[%clk 0:03:52]}
Ba3 {[%clk 0:08:05]} 77. g6 {[%clk 0:03:39]} Bf8 {[%clk 0:08:16]} 78. Kg4 {[%clk
0:03:49]} Ke4 {[%clk 0:08:11]} 79. f5 {[%clk 0:02:19]} Ke5 {[%clk 0:07:22]} 80.
Nc2 {[%clk 0:02:47]} Bh6 {[%clk 0:05:01]} 81. Ne1 {[%clk 0:02:10]} Kf6 {[%clk
0:05:03]} 82. Nc2 {[%clk 0:02:03]} Ke5 {[%clk 0:04:08]} 83. Nb4 {[%clk 0:02:30]}
Bf8 {[%clk 0:04:03]} 84. Nd3+ {[%clk 0:02:09]} Kf6 {[%clk 0:04:09]} 85. Kf4
{[%clk 0:02:17]} c2 {[%clk 0:04:15]} 1/2-1/2

[Event "Baku Chess Olympiad | Open"]
[Site "chess24.com"]
[Date "2016.09.12"]
[Round "10"]
[White "Gonza, Simon"]
[Black "Bozinovic, Bogdan"]
[Result "1/2-1/2"]
[Board "3"]
[WhiteID "10000550"]
[WhiteElo "2096"]
[WhiteCountry "UGA"]
[WhiteFideId "10000550"]
[WhiteEloChange "3"]
[BlackID "14502593"]
[BlackElo "2219"]
[BlackTitle "FM"]
[BlackCountry "CRO"]
[BlackFideId "14502593"]
[BlackEloChange "-3"]

1. Nf3 {[%clk 1:30:44]} c5 {[%clk 1:30:21]} 2. g3 {[%clk 1:30:31]} b6 {[%clk
1:30:21]} 3. Bg2 {[%clk 1:30:14]} Bb7 {[%clk 1:30:13]} 4. O-O {[%clk 1:30:02]}
Nf6 {[%clk 1:30:24]} 5. d3 {[%clk 1:30:13]} e6 {[%clk 1:28:20]} 6. Nbd2 {[%clk
1:24:28]} Qc7 {[%clk 1:26:42]} 7. e4 {[%clk 1:24:06]} d6 {[%clk 1:24:47]} 8. Re1
{[%clk 1:22:45]} Be7 {[%clk 1:22:38]} 9. c3 {[%clk 1:20:07]} Nbd7 {[%clk
1:21:03]} 10. b3 {[%clk 1:17:33]} O-O {[%clk 1:20:07]} 11. Bb2 {[%clk 1:17:38]}
Rac8 {[%clk 1:17:26]} 12. h3 {[%clk 1:15:14]} Rfd8 {[%clk 1:13:51]} 13. Nf1
{[%clk 1:13:15]} Ne5 {[%clk 1:12:00]} 14. N3h2 {[%clk 1:10:28]} Ba6 {[%clk
1:07:13]} 15. c4 {[%clk 1:07:48]} Nc6 {[%clk 1:07:05]} 16. f4 {[%clk 1:07:48]}
Bb7 {[%clk 0:57:31]} 17. Nf3 {[%clk 1:06:13]} Ne8 {[%clk 0:56:37]} 18. Kh2 {[%clk
1:04:23]} Bf6 {[%clk 0:56:11]} 19. Bxf6 {[%clk 0:58:49]} Nxf6 {[%clk 0:56:22]}
20. d4 {[%clk 0:56:31]} cxd4 {[%clk 0:49:44]} 21. Nxd4 {[%clk 0:56:14]} Nxd4
{[%clk 0:42:36]} 22. Qxd4 {[%clk 0:56:32]} d5 {[%clk 0:41:39]} 23. cxd5 {[%clk
0:51:18]} exd5 {[%clk 0:41:35]} 24. e5 {[%clk 0:51:15]} Ne4 {[%clk 0:41:18]} 25.
Rad1 {[%clk 0:42:37]} Nc5 {[%clk 0:28:16]} 26. Rc1 {[%clk 0:35:48]} Qd7 {[%clk
0:27:43]} 27. Nd2 {[%clk 0:31:09]} Ne6 {[%clk 0:25:54]} 28. Qb2 {[%clk 0:31:17]}
g6 {[%clk 0:22:41]} 29. Red1 {[%clk 0:30:27]} Rxc1 {[%clk 0:17:51]} 30. Qxc1
{[%clk 0:29:04]} Qb5 {[%clk 0:16:59]} 31. Nf3 {[%clk 0:25:51]} d4 {[%clk
0:14:19]} 32. Nxd4 {[%clk 0:15:11]} Rxd4 {[%clk 0:12:10]} 33. Rxd4 {[%clk
0:13:03]} Bxg2 {[%clk 0:11:46]} 34. Rd2 {[%clk 0:12:13]} Bb7 {[%clk 0:11:27]} 35.
Qc4 {[%clk 0:09:03]} Qa5 {[%clk 0:07:12]} 36. Qd3 {[%clk 0:07:45]} Qb4 {[%clk
0:05:45]} 37. Rf2 {[%clk 0:04:58]} Nd4 {[%clk 0:04:28]} 38. g4 {[%clk 0:03:26]}
Qc5 {[%clk 0:03:58]} 39. Kg3 {[%clk 0:02:12]} Qd5 {[%clk 0:03:45]} 40. Rd2 {[%clk
0:31:03]} g5 {[%clk 0:32:02]} 41. Qe3 {[%clk 0:21:53]} h5 {[%clk 0:18:48]} 42.
fxg5 {[%clk 0:13:59]} h4+ {[%clk 0:18:35]} 43. Kf4 {[%clk 0:13:41]} Ne6+ {[%clk
0:15:15]} 44. Kf5 {[%clk 0:13:54]} Ng7+ {[%clk 0:10:36]} 45. Kf4 {[%clk 0:13:43]}
Ne6+ {[%clk 0:10:23]} 46. Kf5 {[%clk 0:14:02]} Ng7+ {[%clk 0:04:59]} 47. Kf4
{[%clk 0:11:09]} Ne6+ {[%clk 0:04:57]} 48. Kf5 {[%clk 0:11:01]} Ng7+ {[%clk
0:01:33]} 1/2-1/2